000 00431cam a22001217a 4500
008 180718b2005 xxu||||| |||| 00| 0 eng d
100 _aLopez-Acevedo, Gladys
245 _aEvaluation of the national school for professional technology education in Mexico
_cby Gladys Lopez-Acevedo
260 _aWashington, D.C.
_bWorld Bank
_c2005
300 _a41p.
440 _aPolicy research working paper; no. 3572
650 _aEducation-Mexico
999 _c292259
_d292259